Σαντορίνη : η προϊστορική πόλη του Ακρωτηρίου : σύντομος εικονογραφημένος αρχαιολογικός οδηγός

Αποθηκεύτηκε σε:
Λεπτομέρειες βιβλιογραφικής εγγραφής
Κύριος συγγραφέας: Ντούμας, Χρίστος Γ.
Μορφή: Βιβλίο
Γλώσσα:Greek
Δημοσίευση: Αθήνα : Hannibal, [μεταξύ 1980 και 1990].
Θέματα:
Ετικέτες: Προσθήκη ετικέτας
Δεν υπάρχουν, Καταχωρήστε ετικέτα πρώτοι!

MARC

LEADER 00000nam a2200000 a 4500
001 1/127680
008 231108q19801990gr | ||| |||| ||gre||
040 |a GR-MyUa  |b gre  |c GR-MyUa  |e AACR2 
041 0 |a gre 
082 7 |a 938.113   |2 (23) 
100 1 |a Ντούμας, Χρίστος Γ. 
245 1 0 |a Σαντορίνη :   |b η προϊστορική πόλη του Ακρωτηρίου : σύντομος εικονογραφημένος αρχαιολογικός οδηγός /   |c κείμενο Χρίστος Γ. Ντούμας.  
260 |a Αθήνα :   |b Hannibal,   |c [μεταξύ 1980 και 1990]. 
300 |a 62 σ. :   |b εικ. ;   |c 24 εκ. 
650 0 |a Excavations (Archaeology)  |z Greece  |z Akroteri. 
651 0 |a Akroteri (Greece)  |x Antiquities. 
651 0 |a Santorini Island (Greece)  |x Antiquities. 
852 |a INST  |b SYROS  |c KYK  |e 20231107  |h 938.113 ΝΤΟ  |p 005500016295  |q 005500016295  |t BK  |y 0 
970 |a Κοντού  |b Παρασκευή  |z 08/11/2023